Nuevos pequeños poemas y doloras / (Record no. 38841)

MARC details
000 -LEADER
campo de control de longitud fija 00501nam a2200169 i 4500
001 - NÚMERO DE CONTROL
campo de control 38841
003 - IDENTIFICADOR DE NÚMERO DE CONTROL
campo de control ES-MaACL
005 - FECHA Y HORA DE LA ÚLTIMA TRANSACCIÓN
campo de control 20230912063104.0
007 - CAMPO FIJO DE DESCRIPCIÓN FÍSICA--INFORMACIÓN GENERAL
campo de control de longitud fija t|
008 - DATOS DE LONGITUD FIJA--INFORMACIÓN GENERAL
campo de control de longitud fija 030226s1877 sp ||||1| spa d
100 1# - ENTRADA PRINCIPAL--NOMBRE DE PERSONA
Nombre de persona Campoamor, Ramón de,
Fechas asociadas al nombre 1817-1901
9 (RLIN) 34232
245 10 - MENCIÓN DEL TÍTULO
Título Nuevos pequeños poemas y doloras /
Mención de responsabilidad, etc. Ramón de Campoamor.
260 ## - PUBLICACIÓN, DISTRIBUCIÓN, ETC.
Lugar de publicación, distribución, etc. Sevilla :
Nombre del editor, distribuidor, etc. [s.n.,
Fecha de publicación, distribución, etc. 1877] (
Fabricante Francisco Alvarez y Cia)
300 ## - DESCRIPCIÓN FÍSICA
Extensión 249 p. ;
Dimensiones 19 cm.
852 ## - LOCALIZACIÓN
Ubicación ES-MaACL
Número de control de estantería D-1743
Holdings
Estatus retirado Estado de pérdida Estado de daño No para préstamo Colección Biblioteca de origen Biblioteca actual Ubicación en estantería Fecha de adquisición Fuente de adquisición Total de préstamos Signatura topográfica completa Código de barras Visto por última vez Precio de reemplazo Tipo de ítem Koha
        Libros del s. XIX Biblioteca del Ateneo de Madrid Biblioteca del Ateneo de Madrid Sala Valle Inclán 17/01/2008     D-1743 901040899 23/02/2023 23/02/2023 Libro impreso antiguo